000
00318nam a2200121Ia 4500
008
220204s9999 xx 000 0 und d
082
_a
519.2
_b
DUD
100
_a
Duda, Richard O
245
0
_a
Pattern classification and scene analysis
260
_a
New York
_b
John Wiley
_c
1973
700
_a
Hart, Peter E
942
_c
BK
999
_c
25560
_d
25560